• 首页
  • 本馆介绍
  • 公告通知
  • 最新文献
  • 馆藏检索
  • 电子资源
  • 读者导购
  • 参考咨询
  • 我的图书馆
  • 登录
  • 详细信息显示
  • 放入我的书架
  • 预约/预借图书
  • 作者相关作品
  • 分类相关作品
  • 丛书相关作品
  • 出版社相关作品

书目信息

  • 表格格式
  • 工作单格式
  • 卡片格式
题名:
面向可持续发展的水价理论与实践
    
 
作者: 王浩 著
分册:  
出版信息: 北京   科学出版社  2003
页数: 10,278页
开本: 26cm
丛书名:
单 册:
中图分类: F407.9 , F426.9
科图分类:
主题词: 水--价格--研究 , 水 , 价格 , 工业经济--中国
电子资源:
ISBN: 7-03-011465-5
000 01088nam0 2200301 450
000 01038nam0 2200277 450
000 00969nam0 2200253 450
000 00932nam0 2200241 45
005 20070525130903.64
010    @a7-03-011465-5@dCNY38.00
100    @a20070418d2003 em y0chiy0120 ea
101 0  @achi
102    @aCN@b110000
105    @ay z 000yy
200 1  @a面向可持续发展的水价理论与实践@AMian Xiang Ke Chi Xu Fa Zhan De Shui Jia Li Lun Yu Shi Jian@f王浩等著@FWang Hao Deng Zhu
210    @a北京@c科学出版社@d2003
215    @a10,278页@d26cm
300    @a国家自然科学基金重点项目资助
330    @a本书论述了可持续发展的水价体系、建立了基于宏观经济的水价模型和会计学计算方法,提出了成本水价三重构成理论,并对我国水资源费税改革理论与政策、水权制度与水市场建设进行了研究,提出了我国水价管理与实施的相关政策建议。
606 0  @a水@x价格@x研究
606 0  @a水
606 0  @a价格
606 0  @a工业经济@x中国
690    @aF407.9@v4
690    @aF426.9@v3
701  0 @a王浩@AWang Hao@f(1953.8~)@4著
801  0 @aCN@bTAOJIN@c20070525
905    @a10447@dF426.9@e88
    
    面向可持续发展的水价理论与实践/王浩等著.-北京:科学出版社,2003
    10,278页;26cm
    国家自然科学基金重点项目资助
    
    ISBN 7-03-011465-5:CNY38.00
    本书论述了可持续发展的水价体系、建立了基于宏观经济的水价模型和会计学计算方法,提出了成本水价三重构成理论,并对我国水资源费税改革理论与政策、水权制度与水市场建设进行了研究,提出了我国水价管理与实施的相关政策建议。
●
相关链接 在E读中查询图书 在五车中查询图书 在当当中查询图书 在豆瓣中查询图书


正题名:面向可持续发展的水价理论与实践     索取号:F426.9/88         预约/预借

序号 登录号 条形码 馆藏地/架位号 状态 备注
1 0522583   205225834   第一样本阅览室/ [索取号:F426.9/88] 在馆    
2 0522584   205225843   第一借阅区/ [索取号:F426.9/88] 在馆    
3 0522585   205225852   第一借阅区/ [索取号:F426.9/88] 在馆    
4 0522586   205225861   第一借阅区/ [索取号:F426.9/88] 在馆    
5 0522587   205225870   第一借阅区/ [索取号:F426.9/88] 在馆    
唐山师范学院图书馆 欢迎您!
大连网信软件有限公司© 版权所有